<Die> Märkte für Getreide, Eiweisfuttermittel und Kartoffeln.
Svetový trh obilia v r. 1992. Svetová výroba obilia. Stagnácia svetového obchodu s obilím. Ceny obilnín na svetových trhoch v r. 1992. Stagnácia výroby olejnín. Stabilita cien bielkovinových krmovín. Stabilita cien bielkovinových krmovín. Európsky a nemecký trh obilia. Vysoká úroda zemiakov v r. 199...
Na minha lista:
| Autor principal: | |
|---|---|
| Formato: | Capítulo de Livro |
| Idioma: | alemão |
| Assuntos: | |
| Tags: |
Sem tags, seja o primeiro a adicionar uma tag!
|
MARC
| LEADER | 00000naa a2200000 4500 | ||
|---|---|---|---|
| 001 | r011783 | ||
| 005 | 20220826094512.9 | ||
| 041 | 0 | |a ger | |
| 044 | |a DE | ||
| 245 | 1 | 0 | |a <Die> Märkte für Getreide, Eiweisfuttermittel und Kartoffeln. |c F. Uhlmann |
| 520 | |a Svetový trh obilia v r. 1992. Svetová výroba obilia. Stagnácia svetového obchodu s obilím. Ceny obilnín na svetových trhoch v r. 1992. Stagnácia výroby olejnín. Stabilita cien bielkovinových krmovín. Stabilita cien bielkovinových krmovín. Európsky a nemecký trh obilia. Vysoká úroda zemiakov v r. 1992. Zrútenie cien na trhu zemiakov. | ||
| 610 | 2 | 0 | |a obilniny |
| 610 | 2 | 0 | |a krmoviny |
| 610 | 2 | 0 | |a zemiaky |
| 610 | 2 | 0 | |a trh svetový |
| 610 | 2 | 0 | |a výroba rastlinná |
| 610 | 2 | 0 | |a svet |
| 610 | 2 | 0 | |a západná Európa |
| 610 | 2 | 0 | |a východná Európa |
| 610 | 2 | 0 | |a 1971-1993 |
| 610 | 2 | 0 | |a ceny |
| 610 | 2 | 0 | |a vývoz |
| 610 | 2 | 0 | |a dovoz |
| 610 | 2 | 0 | |a údaje štatistické |
| 100 | 1 | |a Uhlmann, F. | |